Quizzes
Events
Quiz Creation
Community
Videos
Private Events
Remove Ads
Sign In
Join for FREE
Feedback
Dark Mode
Quiz Categories
Sports
Geography
Music
Movies
Television
Just For Fun
Miscellaneous
History
Literature
Language
Science
Gaming
Entertainment
Religion
Holiday
For Kids
Quiz Lab
Recent
Popular Today
Quiz Kudos Today
Editor Picks
Curator Picks
Quizzes by...
Day
Popularity
Type
Ratings
Length
Year
Community
Subscriptions
Recent Discussions
Orange Saloon
Badges
Playlists
Quests
Create
Leaderboards
Showdown
Live 5
Trivia Bingo
Activity
Puzzle Library
Sporcle Events
Private Events
Virtual Trivia
Globe League
Become a Host
Pub Owners
SporcleCon
Opinionation
Our Games
Videos
Blog
Mobile Apps
Partnerships
Remove Ads and Go Orange
Feedback
Television
TV Characters
TV Show
Sitcom
Network
Friends
Reality Shows
Cast
South Park
Star Trek
The Simpsons
Doctor Who
Television
TV Characters
TV Show
Sitcom
Network
Friends
Reality Shows
Cast
South Park
Star Trek
The Simpsons
Doctor Who
Random Quiz
Search Sporcle
×
Quiz Lab
Quiz Lab
Television
last
Type in answers that appear in a list
Type in answers that appear in a list
Classic
Best Score? Go Orange.
Friday Night Lights Characters (TV) Stats
Can you name the Friday Night Lights Characters (TV)?
By
addlynch4
3m
19 Questions
1,816 Plays
1,816 Plays
1,816 Plays
Comments
Comments
Give Quiz Kudos
Give Quiz Kudos
-
- Ratings
hide this ad
Replay
Link that replays current quiz
Next Quiz
Link to next quiz in quiz playlist
You Got
0%
They Got
Avg Score
82%
Avg Friend Score
Upgrade to see
Score Distribution
Jump to the score distribution portion of the page
Score
0/19
Timer
03:00
1
Play Today
Last Name
First Name
% Correct
Riggins
Tim
99%
Saracen
Matt
98.5%
Taylor
Eric
97.3%
Taylor
Julie
96.4%
Street
Jason
95.9%
Garrity
Buddy
95.4%
Garrity
Lyla
95.2%
Williams
Brian
93.5%
Taylor
Tami
93.3%
Collette
Tyra
92.3%
Last Name
First Name
% Correct
Riggins
Billy
90.5%
Clarke
Landry
82.5%
McCoy
J.D.
80.7%
Taylor
Gracie
78.8%
Collette-
Riggins
Mindy
70.2%
Macgill
Mac
67.3%
Saracen
Lorraine
58.8%
Aikmen
Wade
40%
McCoy
Joe
38.1%
Quiz Playlist
Details
Report
Send in Message
Add To Playlist
Classic:
Type in answers that appear in a list
Quiz Source
Last Updated: Feb 16, 2017
Quiz Scoreboard
CHALLENGE
Sign Up to Join the Scoreboard
Show All
Scores
Hide
Comments
May contain spoilers
Recently Published
Pick 6: Fruits
by JohnFran
Miscellaneous
15s
Click the 1999 NBA Draft
by nibperrychub
Sports
2m
Alphabetical 'K' Countries by Flag Minefield
by ylime102
Geography
3m
More to Explore
Quiz From the Vault
Featured Blog Post
15 Basketball Trivia Facts You Can Be March Mad About
hide this ad
You Might Also Like...
Tags
Character
Friday
Friday Night
last
light
Lights Characters
night
Today's Top Quizzes in Television
Browse Television
hide this ad
Today's Top Quizzes in last
Browse last
Top Contributed Quizzes in Television
1
One Piece Logic Puzzle
2
First Name TV: Leading Men
3
Hidden Simpsons Character XXIV
4
Hidden Simpsons Character
5
Pick A Pair: Religious TV
6
Best of Ross
7
First Name TV: Leading Women Drama
8
Demon Slayer Impossible Quiz
9
Hidden Simpsons Character XXV
10
Hidden Simpsons Character XXVI
Explore More
Trending Topics
Disney
Crossword
NBA
Harry Potter
Marvel
Anime
Kpop
NFL
The Office
Song
WWE
Country
Soccer
Puzzle
Pokémon
hide this ad
More By:
addlynch4
Quiz
Plays
Rating
Category
Featured
Created
Friday Night Lights Characters (TV)
1,815
2.75
Television
Jan 3, 2010
us states touching an ocean
502
4.00
Geography
Feb 7, 2010
Ken Jeong Movies
95
Movies
Feb 10, 2010
arizona iced tea juice flavors
59
Just For Fun
Feb 6, 2010
Go to Creator's Profile
Score Distribution
Quiz Creator Spotlight
addlynch4
Follow
Send a Message
Quizzes Created
-
Created Quiz Play Count
-
More By This Creator
Popular Quizzes Today
1
Find the US States - No Outlines Minefield
2
Countries of Asia Without Outlines Minefield
3
Pick 6: Fruits
4
Alphabetical 'K' Countries by Flag Minefield
5
The Countries of the World
6
Click the 1999 NBA Draft
7
Match the Book to the Film X
8
Find the US States
More Television Quizzes
6 Sitcom Sixsomes
Curator's Pick
Trending Quizzes
Pick 6: Harry Potter
Pick 6: Mountains
Pick 6: NFL Teams
Pick 6: Golfers
Pick 6: Movie Franchises
Recently Updated
Women's Final Four Teams by Year
bhenderson79
Presidents Quartet II
eogle
Anything But Clue(do)
eogle
Anything But Oceanian Capitals
eogle
Anything But 7
eogle
Anything But Thing
eogle
Word Ladder: February 29
pecheneg
Song Title Questions
pecheneg
Women's NCAA Tournament #1 Seeds
pecheneg
Celebrity Mug Shots
pecheneg
Trending Topics
Disney
Marvel
Crossword
Anime
Harry Potter
Kpop
NBA
The Office
WWE
Pokémon
NFL
Song
Soccer
Country
Puzzle
Your Account Isn't Verified!
In order to create a playlist on Sporcle, you need to verify the email address you used during registration. Go to your
Sporcle Settings
to finish the process.
Report this User
Report this user for behavior that violates our
Community Guidelines
.
Details:
Send Report
Go to the Sporcle.com Mobile Site →
Comments